[Event "WJCC U20 Open 2019"]
[Site "New Delhi"]
[Date "2019.10.21"]
[Round "7.5"]
[White "Aravindh, Chithambaram VR."]
[Black "Murzin, Volodar"]
[Result "1/2-1/2"]
[WhiteElo "2609"]
[BlackElo "2433"]
[Annotator "TA"]
[PlyCount "126"]
[EventDate "2019.10.15"]
[EventType "swiss"]
[EventCountry "IND"]
[SourceTitle "playchess.com"]
[Source "ChessBase"]
[SourceQuality "1"]

{[%evp 21,126,-29,-23,-31,-25,-14,-17,-23,-18,-11,-16,-24,7,0,0,-52,-46,-35,-38,-68,-18,-83,-83,-92,-85,-87,0,-168,-127,-149,-28,-19,-23,-22,-23,-29,-31,-29,0,-18,-4,-7,-2,-7,0,0,2,0,0,0,0,0,0,0,12,5,5,9,8,0,0,0,0,-4,-2,-6,14,9,18,18,18,21,17,18,40,48,68,25,24,0,0,0,0,0,0,0,0,0,0,0,0,0,0,0,0,0,0,0,0,0,0,0,0,0,0,0,0]} 1. Nf3 d5 2. g3 c6 3. Bg2 Bg4 4. O-O Nf6 5. d3 Nbd7 6. Qe1 e5 7. e4 Be7 8. Nbd2 O-O 9. h3 Bh5 10. Nh4 Re8 11. Nf5 Bf8 12. Nb3 {A07: Réti Opening: New York and Capablanca Systems} Qc7 13. Be3 (13. a4 h6 14. Nh4 dxe4 15. dxe4 c5 16. Nd2 c4 17. Nb1 Nc5 18. g4 Bg6 19. Nxg6 fxg6 {1-0 (63) Malakhov,V (2712)-Rodshtein,M (2698) Chartres 2017}) 13... Rad8 14. a4 {[#]} (14. Bxa7 $2 b6 $19) 14... dxe4 $146 ({Predecessor:} 14... h6 15. a5 Bg6 16. Nh4 Bh7 17. Bxa7 dxe4 18. dxe4 c5 19. Bb6 Nxb6 20. axb6 Qxb6 {0-1 (39) Luzanov,S-Korobov,A (2543) Alushta 2006}) 15. dxe4 Bg6 16. a5 b6 17. axb6 axb6 18. Ra6 (18. c3 $11) 18... Bxf5 $15 19. exf5 e4 20. c4 c5 (20... Qc8 $5 {[%cal Rc8a6]} 21. Qa1 Ne5 22. Bxb6 Rd3 $15) 21. Qc3 (21. Nd2 $11 {remains equal.}) 21... Ne5 $17 22. Nd2 Rd3 23. Qc2 {[#]} Nc6 (23... Rxe3 $1 $17 {[%mdl 512]} 24. fxe3 Nc6) 24. Qa4 $2 (24. Nxe4 $11 {and White has nothing to worry.} Nxe4 25. Qxd3) 24... Nd4 25. Re1 {[#]} Qc8 ({Weaker is} 25... Nxf5 26. Bf4 $14) (25... Nf3+ $1 $17 {[%mdl 512]} 26. Bxf3 (26. Nxf3 $2 exf3 27. Qc2 Rexe3 $19) 26... exf3) 26. Rxb6 $11 Nxf5 27. Nf1 Nd4 28. Bxd4 Rxd4 ({Don't go for} 28... cxd4 $2 {[#]} 29. Rxf6 $1 {[%mdl 512]} e3 30. Rf4 $18) 29. Ne3 Re6 30. Rb5 (30. Rxe6 {seems wilder.} Qxe6 31. Qa1 Qb6 32. Ng4 Rxc4 33. Nxf6+ Qxf6 34. Bxe4 g6 35. Kg2) 30... Qd7 31. Ra1 g6 32. Qa7 Qxa7 33. Rxa7 Rd7 (33... Nd7 {keeps more tension.} 34. Rbb7 Ne5 35. b3 Bd6 36. Kf1 Nc6) 34. Rxd7 (34. Ra8 {is more complex.} Kg7 35. h4 Rd4 36. Bh3 Re8 37. Ra7) 34... Nxd7 35. Rb7 Nf6 36. Kf1 Kg7 37. Ke2 Rd6 38. Nd1 Rd4 39. b3 Kg8 40. Ne3 h5 41. Rb8 Kg7 42. g4 hxg4 43. hxg4 Nh7 44. Nc2 Rd7 45. Bxe4 Re7 46. Kd3 Ng5 47. f3 Nh3 48. Kc3 Nf4 49. Ra8 Rd7 50. b4 cxb4+ {The position is equal.} 51. Nxb4 f5 52. Nd5 fxe4 53. Nxf4 {[%mdl 4096] Endgame aiming for Ne6+. KRB-KRN} Bd6 {Threatens to win with ...Be5+.} 54. Ne6+ Kf6 55. Nf8 Rf7 56. Ra6 Rxf8 57. Rxd6+ {KR-KR} Ke7 58. Rd1 exf3 59. Rf1 Kd6 {White must now prevent ...Ke5.} 60. Kd4 Rf4+ 61. Ke3 {Rd1+ is the strong threat.} Rxg4 62. Rxf3 Rxc4 63. Rf6+ Ke5 {Accuracy: White = 62%, Black = 58%.} 1/2-1/2

[Event "WJCC U20 Open 2019"]
[Site "New Delhi"]
[Date "2019.10.21"]
[Round "7.6"]
[White "Drygalov, Sergey"]
[Black "Kollars, Dmitrij"]
[Result "1/2-1/2"]
[WhiteElo "2470"]
[BlackElo "2587"]
[Annotator "ChessBase"]
[PlyCount "103"]
[EventDate "2019.10.15"]
[EventType "swiss"]
[EventCountry "IND"]
[SourceTitle "playchess.com"]
[Source "ChessBase"]
[SourceQuality "1"]
[TimeControl "40/5400+30:1800+30"]

1. d4 {[%emt 0:00:00]} Nf6 {[%emt 0:00:14]} 2. c4 {[%emt 0:00:00]} e6 {[%emt 0:00:10]} 3. Nf3 {[%emt 0:00:00]} b6 {[%emt 0:00:18]} 4. g3 {[%emt 0:01:19]} Ba6 {[%emt 0:00:10]} 5. b3 {[%emt 0:00:57]} Bb4+ {[%emt 0:00:25]} 6. Bd2 {[%emt 0:00:08]} Be7 {[%emt 0:00:08]} 7. Nc3 {[%emt 0:02:16]} d5 {[%emt 0:00:28]} 8. cxd5 {[%emt 0:00:06]} exd5 {[%emt 0:00:08]} 9. Bg2 {[%emt 0:00:04]} O-O {[%emt 0:00:28]} 10. O-O {[%emt 0:00:05]} Re8 {[%emt 0:00:28]} 11. Re1 {[%emt 0:02:42]} Nbd7 {[%emt 0:02:32]} 12. Ne5 {[%emt 0:10:04]} Bb7 {[%emt 0:01:12]} 13. Rc1 {[%emt 0:07:04]} c5 {[%emt 0:17:04]} 14. e3 {[%emt 0:08:09]} Rc8 {[%emt 0:13:09]} 15. Bh3 {[%emt 0:03:02]} Rb8 {[%emt 0:11:37]} 16. Nxd7 {[%emt 0:06:14]} Nxd7 {[%emt 0:00:05]} 17. Ne2 {[%emt 0:00:09]} Nf6 {[%emt 0:02:26]} 18. Bg2 {[%emt 0:08:44]} Qd7 {[%emt 0:04:51]} 19. dxc5 {[%emt 0:16:00]} Bxc5 {[%emt 0:03:42]} 20. b4 {[%emt 0:04:51]} Bd6 {[%emt 0:01:59]} 21. Nd4 {[%emt 0:03:10]} Ne4 {[%emt 0:01:08]} 22. b5 {[%emt 0:04:51]} Bc5 {[%emt 0:03:57]} 23. a4 {[%emt 0:04:59]} a6 {[%emt 0:01:48]} 24. Rb1 {[%emt 0:03:27]} Rbc8 {[%emt 0:07:44]} 25. Re2 {[%emt 0:05:48]} axb5 {[%emt 0:01:52]} 26. axb5 {[%emt 0:00:23]} Nd6 {[%emt 0:03:19]} 27. Be1 {[%emt 0:01:16]} Bxd4 {[%emt 0:02:58]} 28. Qxd4 {[%emt 0:01:59]} Rc5 {[%emt 0:00:18]} 29. Reb2 {[%emt 0:02:22]} Nxb5 {[%emt 0:02:30]} 30. Qd3 {[%emt 0:00:04]} Bc6 {[%emt 0:02:11]} 31. Bf1 {[%emt 0:01:51]} d4 {[%emt 0:05:54]} 32. Rxb5 {[%emt 0:00:12]} Bxb5 {[%emt 0:00:30]} 33. Rxb5 {[%emt 0:00:06]} Qxb5 {[%emt 0:00:31]} 34. Qxb5 {[%emt 0:00:05]} Rxb5 {[%emt 0:00:02]} 35. Bxb5 {[%emt 0:00:05]} Re5 {[%emt 0:00:04]} 36. Be2 {[%emt 0:01:49]} dxe3 {[%emt 0:00:07]} 37. f4 {[%emt 0:00:04]} Rc5 {[%emt 0:01:16]} 38. Kg2 {[%emt 0:00:15]} Rc1 {[%emt 0:01:14]} 39. Bb4 {[%emt 0:00:07]} Rb1 {[%emt 0:00:40]} 40. Bd6 {[%emt 0:02:35]} b5 {[%emt 0:01:07]} 41. Kf3 {[%emt 0:31:30]} b4 {[%emt 0:32:44]} 42. Kxe3 {[%emt 0:00:00]} b3 {[%emt 0:00:00]} 43. Be5 {[%emt 0:00:00]} b2 {[%emt 0:00:00]} 44. Bc3 {[%emt 0:00:00]} h5 {[%emt 0:00:00]} 45. Bd3 {[%emt 0:00:00]} Rh1 {[%emt 0:00:00]} 46. Bxb2 {[%emt 0:00:00]} Rxh2 {[%emt 0:00:00]} 47. Be5 {[%emt 0:00:00]} h4 {[%emt 0:00:00]} 48. gxh4 {[%emt 0:00:00]} Rxh4 {[%emt 0:00:00]} 49. Bc4 {[%emt 0:00:00]} g5 {[%emt 0:00:00]} 50. Be2 {[%emt 0:00:00]} Rxf4 {[%emt 0:00:00]} 51. Bxf4 {[%emt 0:00:00]} gxf4+ {[%emt 0:00:00]} 52. Ke4 1/2-1/2

[Event "WJCC U20 Open 2019"]
[Site "New Delhi"]
[Date "2019.10.21"]
[Round "7.7"]
[White "Albornoz Cabrera, Carlos Daniel"]
[Black "Bronstein, Or"]
[Result "0-1"]
[WhiteElo "2581"]
[BlackElo "2413"]
[Annotator "ChessBase"]
[PlyCount "74"]
[EventDate "2019.10.15"]
[EventType "swiss"]
[EventCountry "IND"]
[SourceTitle "playchess.com"]
[Source "ChessBase"]
[SourceQuality "1"]
[TimeControl "40/5400+30:1800+30"]

1. e4 {[%emt 0:00:00]} c5 {[%emt 0:00:00]} 2. Nf3 {[%emt 0:00:00]} d6 {[%emt 0:00:00]} 3. Bb5+ {[%emt 0:00:00]} Nd7 {[%emt 0:00:00]} 4. O-O {[%emt 0:00:00]} a6 {[%emt 0:00:00]} 5. Bd3 {[%emt 0:00:00]} Ngf6 {[%emt 0:00:00]} 6. Re1 {[%emt 0:00:09]} e6 {[%emt 0:04:23]} 7. c3 {[%emt 0:00:20]} b5 {[%emt 0:01:37]} 8. Bc2 {[%emt 0:00:05]} c4 {[%emt 0:00:07]} 9. a4 {[%emt 0:00:04]} Bb7 {[%emt 0:00:34]} 10. d4 {[%emt 0:00:11]} cxd3 {[%emt 0:00:16]} 11. Qxd3 {[%emt 0:00:05]} Nc5 {[%emt 0:04:52]} 12. Qe2 {[%emt 0:00:07]} bxa4 {[%emt 0:00:14]} 13. Be3 {[%emt 0:00:08]} Nfxe4 {[%emt 0:23:55]} 14. Nbd2 {[%emt 0:00:28]} Nxd2 {[%emt 0:05:35]} 15. Nxd2 {[%emt 0:00:08]} Bc6 {[%emt 0:10:43]} 16. Bxc5 {[%emt 0:12:09]} dxc5 {[%emt 0:00:26]} 17. Nc4 {[%emt 0:18:42]} Bb5 {[%emt 0:03:06]} 18. Rad1 {[%emt 0:04:48]} Qc8 {[%emt 0:11:30]} 19. Qe4 {[%emt 0:06:01]} Ra7 {[%emt 0:05:47]} 20. Qg4 {[%emt 0:14:46]} g6 {[%emt 0:04:55]} 21. Nb6 {[%emt 0:24:16]} Qb8 {[%emt 0:04:40]} 22. Nd5 {[%emt 0:00:12]} Bg7 {[%emt 0:03:36]} 23. Qh4 {[%emt 0:01:13]} Qd8 {[%emt 0:04:21]} 24. Qg3 {[%emt 0:04:57]} O-O {[%emt 0:00:29]} 25. Nf4 {[%emt 0:00:03]} Qb8 {[%emt 0:00:36]} 26. Qg4 {[%emt 0:00:56]} Rd7 {[%emt 0:03:35]} 27. h4 {[%emt 0:00:45]} Rxd1 {[%emt 0:01:11]} 28. Rxd1 {[%emt 0:00:05]} Rd8 {[%emt 0:00:30]} 29. Rxd8+ {[%emt 0:01:42]} Qxd8 {[%emt 0:00:01]} 30. h5 {[%emt 0:00:01]} Qd2 {[%emt 0:04:38]} 31. hxg6 {[%emt 0:00:24]} hxg6 {[%emt 0:00:02]} 32. Bxg6 {[%emt 0:02:05]} Qe1+ {[%emt 0:00:01]} 33. Kh2 {[%emt 0:00:06]} fxg6 {[%emt 0:00:04]} 34. Nxg6 {[%emt 0:00:09]} Bd3 {[%emt 0:02:56]} 35. Nf4 {[%emt 0:00:20]} Bf5 {[%emt 0:00:23]} 36. Qh5 {[%emt 0:00:04]} Qxf2 {[%emt 0:01:42]} 37. Qg5 {[%emt 0:00:18]} Qd2 {[%emt 0:00:38]} 0-1

[Event "WJCC U20 Open 2019"]
[Site "New Delhi"]
[Date "2019.10.21"]
[Round "7.8"]
[White "Sammed Jaykumar, Shete"]
[Black "Sargsyan, Shant"]
[Result "0-1"]
[WhiteElo "2392"]
[BlackElo "2580"]
[Annotator "ChessBase"]
[PlyCount "64"]
[EventDate "2019.10.15"]
[EventType "swiss"]
[EventCountry "IND"]
[SourceTitle "playchess.com"]
[Source "ChessBase"]
[SourceQuality "1"]
[TimeControl "40/5400+30:1800+30"]

1. e4 {[%emt 0:00:00]} e5 {[%emt 0:03:42]} 2. Nf3 {[%emt 0:00:00]} Nc6 {[%emt 0:00:06]} 3. Bc4 {[%emt 0:00:00]} Nf6 {[%emt 0:00:24]} 4. d3 {[%emt 0:00:06]} h6 {[%emt 0:00:22]} 5. O-O {[%emt 0:01:41]} d6 {[%emt 0:01:49]} 6. c3 {[%emt 0:00:12]} g5 {[%emt 0:00:21]} 7. Re1 {[%emt 0:04:12]} Bg7 {[%emt 0:00:30]} 8. d4 {[%emt 0:01:42]} g4 {[%emt 0:01:27]} 9. dxe5 {[%emt 0:03:13]} Nd7 {[%emt 0:01:55]} 10. Nd4 {[%emt 0:11:24]} Ndxe5 {[%emt 0:00:31]} 11. Bf1 {[%emt 0:02:06]} Bd7 {[%emt 0:05:12]} 12. Na3 {[%emt 0:01:59]} h5 {[%emt 0:02:20]} 13. Nac2 {[%emt 0:12:55]} h4 {[%emt 0:03:17]} 14. Ne3 {[%emt 0:05:37]} h3 {[%emt 0:03:28]} 15. Nef5 {[%emt 0:06:16]} Qf6 {[%emt 0:04:28]} 16. Bf4 {[%emt 0:03:26]} hxg2 {[%emt 0:01:10]} 17. Bxg2 {[%emt 0:02:21]} O-O-O {[%emt 0:03:22]} 18. Bg3 {[%emt 0:09:20]} Rh7 {[%emt 0:07:10]} 19. f4 {[%emt 0:02:55]} gxf3 {[%emt 0:00:59]} 20. Nxf3 {[%emt 0:00:09]} Rg8 {[%emt 0:06:54]} 21. N3d4 {[%emt 0:03:48]} Bh6 {[%emt 0:05:43]} 22. Rf1 {[%emt 0:03:36]} Kb8 {[%emt 0:02:53]} 23. Qe2 {[%emt 0:03:30]} Ng4 {[%emt 0:02:53]} 24. Nc2 {[%emt 0:09:12]} Qh8 {[%emt 0:02:17]} 25. Rad1 {[%emt 0:11:28]} Bf8 {[%emt 0:10:00]} 26. h3 {[%emt 0:00:11]} Nh6 {[%emt 0:04:15]} 27. Nce3 {[%emt 0:01:25]} Nxf5 {[%emt 0:01:37]} 28. Nxf5 {[%emt 0:00:05]} Rxh3 {[%emt 0:01:01]} 29. Kf2 {[%emt 0:01:03]} Rhxg3 {[%emt 0:02:13]} 30. Nxg3 {[%emt 0:00:07]} Bg4 {[%emt 0:01:09]} 31. Qd2 {[%emt 0:00:38]} Bxd1 {[%emt 0:00:22]} 32. Rxd1 {[%emt 0:00:36]} Qh4 {[%emt 0:00:03]} 0-1

[Event "WJCC U20 Open 2019"]
[Site "New Delhi"]
[Date "2019.10.21"]
[Round "7.9"]
[White "Raghunandan, Kaumandur Srihari"]
[Black "Gazik, Viktor"]
[Result "0-1"]
[WhiteElo "2449"]
[BlackElo "2546"]
[Annotator "ChessBase"]
[PlyCount "64"]
[EventDate "2019.10.15"]
[EventType "swiss"]
[EventCountry "IND"]
[SourceTitle "playchess.com"]
[Source "ChessBase"]
[SourceQuality "1"]
[TimeControl "40/5400+30:1800+30"]

1. d4 {[%emt 0:00:00]} f5 {[%emt 0:00:00]} 2. c4 {[%emt 0:00:17]} Nf6 {[%emt 0:00:00]} 3. Nc3 {[%emt 0:00:07]} g6 {[%emt 0:00:00]} 4. g3 {[%emt 0:05:48]} Bg7 {[%emt 0:00:34]} 5. Bg2 {[%emt 0:00:07]} O-O {[%emt 0:01:12]} 6. Nf3 {[%emt 0:00:04]} d6 {[%emt 0:02:26]} 7. O-O {[%emt 0:00:07]} c6 {[%emt 0:01:17]} 8. b3 {[%emt 0:03:01]} Na6 {[%emt 0:09:25]} 9. Bb2 {[%emt 0:01:03]} Qe8 {[%emt 0:02:25]} 10. Ba3 {[%emt 0:14:03]} b5 {[%emt 0:11:30]} 11. cxb5 {[%emt 0:08:00]} cxb5 {[%emt 0:00:27]} 12. Ne5 {[%emt 0:23:30]} b4 {[%emt 0:35:36]} 13. Bxa8 {[%emt 0:02:31]} dxe5 {[%emt 0:00:14]} 14. dxe5 {[%emt 0:00:28]} Ng4 {[%emt 0:04:11]} 15. Bb2 {[%emt 0:01:15]} bxc3 {[%emt 0:02:35]} 16. Bxc3 {[%emt 0:00:09]} f4 {[%emt 0:08:00]} 17. Qd5+ {[%emt 0:24:45]} e6 {[%emt 0:05:50]} 18. Qd6 {[%emt 0:00:44]} fxg3 {[%emt 0:04:17]} 19. hxg3 {[%emt 0:00:15]} g5 {[%emt 0:00:46]} 20. Bf3 {[%emt 0:00:22]} Qh5 {[%emt 0:01:06]} 21. Bxg4 {[%emt 0:00:06]} Qxg4 {[%emt 0:00:03]} 22. Rae1 {[%emt 0:10:44]} Bb7 {[%emt 0:01:41]} 23. e4 {[%emt 0:00:11]} h5 {[%emt 0:01:57]} 24. Re3 {[%emt 0:02:18]} Rf7 {[%emt 0:03:19]} 25. Qd1 {[%emt 0:00:47]} Qh3 {[%emt 0:00:01]} 26. Qd8+ {[%emt 0:00:44]} Kh7 {[%emt 0:00:06]} 27. Rd1 {[%emt 0:00:47]} Nc5 {[%emt 0:00:34]} 28. Qd4 {[%emt 0:00:34]} Nxe4 {[%emt 0:01:57]} 29. Rxe4 {[%emt 0:00:23]} Rd7 {[%emt 0:00:09]} 30. Qxd7 {[%emt 0:00:08]} Bxe4 {[%emt 0:00:04]} 31. f3 {[%emt 0:00:06]} Qxg3+ {[%emt 0:00:11]} 32. Kf1 {[%emt 0:00:05]} Qxf3+ {[%emt 0:00:10]} 0-1

[Event "WJCC U20 Open 2019"]
[Site "New Delhi"]
[Date "2019.10.21"]
[Round "7.10"]
[White "Anuj Shrivatri"]
[Black "Visakh N R"]
[Result "0-1"]
[WhiteElo "2390"]
[BlackElo "2529"]
[Annotator "ChessBase"]
[PlyCount "76"]
[EventDate "2019.10.15"]
[EventType "swiss"]
[EventCountry "IND"]
[SourceTitle "playchess.com"]
[Source "ChessBase"]
[SourceQuality "1"]
[TimeControl "40/5400+30:1800+30"]

1. d4 {[%emt 0:00:00]} Nf6 {[%emt 0:00:00]} 2. c4 {[%emt 0:00:01]} e6 {[%emt 0:01:06]} 3. Nf3 {[%emt 0:00:08]} d5 {[%emt 0:01:02]} 4. g3 {[%emt 0:00:14]} Bb4+ {[%emt 0:08:05]} 5. Bd2 {[%emt 0:00:28]} Be7 {[%emt 0:00:08]} 6. Bg2 {[%emt 0:00:06]} O-O {[%emt 0:00:07]} 7. O-O {[%emt 0:00:08]} c6 {[%emt 0:00:03]} 8. Qc2 {[%emt 0:00:05]} Nbd7 {[%emt 0:00:27]} 9. Rd1 {[%emt 0:00:13]} Ne4 {[%emt 0:00:29]} 10. Be1 {[%emt 0:04:47]} Bd6 {[%emt 0:04:58]} 11. Nbd2 {[%emt 0:05:46]} f5 {[%emt 0:02:06]} 12. b4 {[%emt 0:05:58]} g5 {[%emt 0:06:11]} 13. c5 {[%emt 0:13:49]} Be7 {[%emt 0:02:53]} 14. Nb3 {[%emt 0:07:12]} Bf6 {[%emt 0:05:54]} 15. e3 {[%emt 0:10:57]} g4 {[%emt 0:05:29]} 16. Nfd2 {[%emt 0:02:06]} Ng5 {[%emt 0:03:18]} 17. f4 {[%emt 0:14:28]} gxf3 {[%emt 0:01:26]} 18. Nxf3 {[%emt 0:00:14]} Nxf3+ {[%emt 0:09:59]} 19. Bxf3 {[%emt 0:00:02]} e5 {[%emt 0:00:09]} 20. Qg2 {[%emt 0:07:40]} e4 {[%emt 0:04:47]} 21. Be2 {[%emt 0:00:11]} Bg5 {[%emt 0:00:05]} 22. Bd2 {[%emt 0:06:55]} Nf6 {[%emt 0:00:34]} 23. Rf1 {[%emt 0:03:05]} Be6 {[%emt 0:09:45]} 24. h3 {[%emt 0:03:54]} Kh8 {[%emt 0:01:30]} 25. Kh1 {[%emt 0:00:16]} Rg8 {[%emt 0:00:08]} 26. Qf2 {[%emt 0:02:52]} Qf8 {[%emt 0:03:55]} 27. h4 {[%emt 0:04:12]} Qh6 {[%emt 0:11:12]} 28. Na5 {[%emt 0:01:44]} Rg7 {[%emt 0:02:55]} 29. Rg1 {[%emt 0:00:43]} Rag8 {[%emt 0:02:07]} 30. b5 {[%emt 0:01:03]} cxb5 {[%emt 0:02:42]} 31. c6 {[%emt 0:00:09]} bxc6 {[%emt 0:00:04]} 32. Nxc6 {[%emt 0:00:15]} Nh5 {[%emt 0:01:09]} 33. Bxh5 {[%emt 0:01:14]} Qxh5 {[%emt 0:00:01]} 34. Ne5 {[%emt 0:04:15]} f4 {[%emt 0:01:40]} 35. exf4 {[%emt 0:00:55]} Bf6 {[%emt 0:00:06]} 36. Be3 {[%emt 0:01:04]} Rxg3 {[%emt 0:02:19]} 37. Rxg3 {[%emt 0:00:21]} Qxh4+ {[%emt 0:00:03]} 38. Kg2 {[%emt 0:00:54]} Qh3+ {[%emt 0:00:12]} 0-1

[Event "WJCC U20 Open 2019"]
[Site "New Delhi"]
[Date "2019.10.21"]
[Round "7.11"]
[White "Raja Rithvik R"]
[Black "Iniyan, P."]
[Result "1/2-1/2"]
[WhiteElo "2369"]
[BlackElo "2509"]
[Annotator "TA"]
[PlyCount "140"]
[EventDate "2019.10.15"]
[EventType "swiss"]
[EventCountry "IND"]
[SourceTitle "playchess.com"]
[Source "ChessBase"]
[SourceQuality "1"]

{[%evp 17,140,55,50,59,72,28,21,15,31,0,12,8,11,7,14,14,14,14,12,7,0,8,27,25,16,0,0,-31,-32,-33,-47,-42,-49,-33,-29,-56,-37,-29,-46,-45,-45,-49,-27,-24,0,0,0,0,0,0,0,0,0,0,0,0,0,0,0,0,0,0,0,0,0,0,0,0,0,0,0,0,0,0,0,0,0,0,0,0,0,0,0,0,23,0,0,0,7,0,0,0,0,0,0,0,2,0,0,0,0,0,0,0,2,2,6,6,14,14,14,14,7,0,0,0,0,0,0,0,0,0,0,0,0]} 1. d4 Nf6 2. Nf3 g6 3. g3 Bg7 4. Bg2 d6 5. O-O O-O 6. b3 c6 7. Bb2 Qa5 8. Nbd2 Qh5 9. e4 Bg4 10. Re1 {A49: 1 d4 Nf6 2 Nf3 g6 3 g3: Anti-King's Indian systems} c5 $146 ({Predecessor:} 10... Nbd7 11. Qe2 e5 12. Qf1 exd4 13. Nxd4 c5 14. N4f3 Nxe4 15. Bxg7 Nxd2 16. Nxd2 Kxg7 17. Qd3 Qf5 18. Qxf5 Bxf5 {½-½ (30) Efimenko,Z (2641)-Mamedyarov,S (2820) Porto Carras 2018}) 11. dxc5 Qxc5 12. Nc4 Nc6 13. Ne3 (13. e5 {keeps more tension.} dxe5 14. Ncxe5 Rad8 15. Qe2 Nxe5 16. Bxe5 Rd7 17. Rad1) 13... Bxf3 14. Bxf3 Ng4 15. Bxg7 Nxe3 16. Rxe3 Kxg7 17. Qd2 Rac8 18. Rd1 b5 19. Be2 a5 20. c3 b4 21. cxb4 axb4 22. Rc1 Qb6 23. Rd3 Ne5 24. Rd5 Rxc1+ 25. Qxc1 Ra8 26. Qd2 Qa7 27. Qxb4 Qxa2 28. Rd2 Qb1+ 29. Rd1 Qb2 30. Rd2 $1 {[%cal Rd2b2]} Rb8 31. Qxd6 Qb1+ 32. Rd1 Qxe4 33. Qxb8 Qxe2 $11 {[%mdl 4096] Endgame KQR-KQN} 34. Qd8 Nf3+ 35. Kg2 Ne1+ 36. Rxe1 Qxe1 {KQ-KQ} 37. Qd4+ e5 38. Qc4 e4 39. h4 Qd1 40. Qc3+ Kg8 41. b4 Qe2 42. Qc5 h5 43. Qc8+ Kh7 44. Qc3 Kg8 45. Qb3 Kg7 46. Qd5 Kg8 47. Qd4 Kh7 48. Qe3 Qc4 $1 49. Qd2 Qb3 50. Qd4 f5 51. Qa7+ Kg8 {The position is equal.} 52. Qb6 Kh7 53. Qc7+ Kg8 $1 54. Qc5 Qf3+ 55. Kh2 {[#] And now b5 would win.} Qe2 56. Qd5+ Kg7 57. Kg2 Qb2 58. Qb7+ Kg8 59. Qc8+ Kg7 60. Qc7+ Kg8 61. Qd6 Kg7 62. Kf1 Qc1+ 63. Ke2 Qc4+ 64. Kd2 Qa2+ 65. Ke3 Qb3+ 66. Kf4 {Hoping for Qe7+.} Qf3+ {[%mdl 64] [#] Double Attack} 67. Ke5 {Threatening mate with Qc7+.} Qxf2 68. Qe7+ Kh6 69. Qf8+ Kh7 70. Qf7+ Kh6 {Accuracy: White = 68%, Black = 73%.} 1/2-1/2

[Event "WJCC U20 Open 2019"]
[Site "New Delhi"]
[Date "2019.10.21"]
[Round "7.12"]
[White "Harsha Bharathakoti"]
[Black "Wang, Shixu B"]
[Result "0-1"]
[WhiteElo "2530"]
[BlackElo "2370"]
[Annotator "ChessBase"]
[PlyCount "88"]
[EventDate "2019.10.15"]
[EventType "swiss"]
[EventCountry "IND"]
[SourceTitle "playchess.com"]
[Source "ChessBase"]
[SourceQuality "1"]
[TimeControl "40/5400+30:1800+30"]

1. d4 {[%emt 0:00:00]} Nf6 {[%emt 0:00:00]} 2. c4 {[%emt 0:00:00]} e6 {[%emt 0:00:00]} 3. Nf3 {[%emt 0:00:28]} d5 {[%emt 0:00:12]} 4. Nc3 {[%emt 0:00:18]} Be7 {[%emt 0:00:14]} 5. Bf4 {[%emt 0:00:23]} O-O {[%emt 0:00:22]} 6. a3 {[%emt 0:00:28]} b6 {[%emt 0:01:08]} 7. Qc2 {[%emt 0:00:13]} c5 {[%emt 0:04:14]} 8. Rd1 {[%emt 0:00:42]} Bb7 {[%emt 0:04:58]} 9. cxd5 {[%emt 0:00:29]} exd5 {[%emt 0:08:19]} 10. g3 {[%emt 0:00:26]} Ne4 {[%emt 0:16:07]} 11. Bg2 {[%emt 0:07:46]} Qc8 {[%emt 0:00:58]} 12. O-O {[%emt 0:04:22]} Nd7 {[%emt 0:05:20]} 13. Bh3 {[%emt 0:42:24]} Nxc3 {[%emt 0:08:22]} 14. bxc3 {[%emt 0:04:24]} Qe8 {[%emt 0:02:44]} 15. a4 {[%emt 0:10:58]} Nf6 {[%emt 0:01:38]} 16. Ne5 {[%emt 0:00:48]} Rd8 {[%emt 0:02:38]} 17. Ra1 {[%emt 0:08:00]} Ne4 {[%emt 0:03:29]} 18. a5 {[%emt 0:03:21]} b5 {[%emt 0:01:28]} 19. a6 {[%emt 0:01:15]} Bc8 {[%emt 0:01:03]} 20. Bg2 {[%emt 0:00:10]} f6 {[%emt 0:07:29]} 21. Nf3 {[%emt 0:00:44]} g5 {[%emt 0:01:56]} 22. Bc7 {[%emt 0:03:41]} Rd7 {[%emt 0:02:52]} 23. Ba5 {[%emt 0:00:04]} c4 {[%emt 0:01:37]} 24. Rfb1 {[%emt 0:02:30]} Rd6 {[%emt 0:03:22]} 25. Nd2 {[%emt 0:00:54]} f5 {[%emt 0:03:20]} 26. Nf1 {[%emt 0:04:13]} Rh6 {[%emt 0:04:24]} 27. f3 {[%emt 0:01:32]} Nd6 {[%emt 0:04:27]} 28. Bb4 {[%emt 0:01:17]} Re6 {[%emt 0:00:37]} 29. Bc5 {[%emt 0:00:38]} Qd7 {[%emt 0:03:55]} 30. Qb2 {[%emt 0:00:32]} Re8 {[%emt 0:00:11]} 31. e3 {[%emt 0:00:28]} Bd8 {[%emt 0:00:58]} 32. f4 {[%emt 0:01:51]} Ne4 {[%emt 0:00:27]} 33. Qxb5 {[%emt 0:00:02]} Qxb5 {[%emt 0:01:46]} 34. Rxb5 {[%emt 0:00:01]} Nxc3 {[%emt 0:02:13]} 35. Rb8 {[%emt 0:00:55]} Rxa6 {[%emt 0:00:49]} 36. Rxa6 {[%emt 0:01:06]} Bxa6 {[%emt 0:00:02]} 37. Kf2 {[%emt 0:00:35]} Ne4+ {[%emt 0:02:52]} 38. Bxe4 {[%emt 0:00:08]} fxe4 {[%emt 0:00:12]} 39. Ra8 {[%emt 0:00:53]} c3 {[%emt 0:01:10]} 40. Rxa7 {[%emt 0:00:10]} c2 {[%emt 0:00:50]} 41. Ba3 {[%emt 0:30:01]} Bd3 {[%emt 0:04:51]} 42. Ra8 {[%emt 0:00:00]} Kf7 {[%emt 0:03:05]} 43. fxg5 {[%emt 0:00:00]} Be7 {[%emt 0:01:44]} 44. Ra7 {[%emt 0:00:00]} Ke6 {[%emt 0:00:17]} 0-1